Datum a čas kvízu
24.5
Celkem bodů
Celkový počet nahraných bodů na tomto kvízu bez doplňovacích otázek.
5.
Pořadí na kvízu
Konečné umístění týmu na tomto kvízu.
Zaznamenané odpovědi
# | Otázka | Odpověď | Body | Výsledky |
---|---|---|---|---|
1. | Ve čtvrtek byly zveřejněny výs... | Václav Havel, Václav Klaus, Petr Pavel | 0 | |
2. | Jeden švýcarský turista se v p... | v Mostaru | 0 | |
3. | Napište jména známého muže a ž... | Jeff Bezos, Lauren Sánchez | 0.5 | |
4. | Jak se jmenuje nově zvolený ge... | Hynek Chudárek | 0 | |
5. | V Ostravě se konal tradiční at... | 400 m překážek | 1 | |
6. | Jedna z nejúspěšnějších filmov... | Chris Pine, William Shatner | 0 | |
7. | Napište český název závěrečnéh... | Pařba na třetí | 0 | |
8. | Seřaďte jednotlivé díly filmov... | 1B 2D 3A 4C | 1 | |
9. | Kdo z uvedených herců nebo her... | B | 1 | |
10. | Závěrem se podíváme blíže na H... | z hadů | 1 |